000 00467pab a2200181 454500
008 180718b2017 xxu||||| |||| 00| 0 eng d
100 _aShivay, Y.S.
245 _aSustainable agriculture: aligning cropping pattern with the availability of water
260 _c2017
300 _ap.45-50.
362 _aNov
650 _aWater
650 _aCrops
650 _aSustainable agriculture
700 _aSingh, Teekam
773 _aKurukshetra
909 _a116193
999 _c116187
_d116187